000 00732nam a2200253 a 4500
001 73385
003 BD-RjUL
005 20211209082404.0
008 170530s1912 enk 000 0
035 _a(BD-RjUL)73603
040 _aBD-RjUL
_beng
_cBD-RjUL
041 _aeng
082 _223
_a622
_bBUM 1912
100 1 _aBurnham, M Howard.
_9217076
245 1 0 _aModern mine valuation /
_cM. Howard Burnham
260 _aLondon :
_bCharles Griffin,
_c1912.
300 _ax, 160 p. :
_cill. ;
_b23 cm.
490 1 _aGriffin's mining ser.
500 _aIncludes index
650 _aMine valuation
_9217077
690 0 0 _aPhysics
_xEngineering
_xMining
_2pre20
_9217080
830 0 _aGriffin's mining ser.
_9217079
942 _2ddc
_cBK
999 _c73385
_d73385